000 01028cam a22002415a 4500
001 L156826
008 120717s2012 xxk f 000 0 eng d
020 _a9781842197752
035 _a(Sirsi) u156826
041 0 _aeng
050 0 4 _a333.332 $2 18
110 2 _aRoyal Institution of Chartered Surveyors
_94900
245 0 0 _aCapital and rental valuation of hotels in the UK
250 _a2nd ed.
260 _aCoventry
_bRICS
_c2012
490 0 _aRICS Information Paper
_v29/2012
505 2 _aIntroduction -- Valuations of hotels as fully equipped and operational entities -- Licences, consents, certificates and permits -- Valuations for secured lending purposes -- Other property -- Confidentiality.
520 _aSupersedes first edition ISBN# 1842191691.
521 _aAdvanced
651 4 _aENGLAND AND WALES
856 4 0 _uhttps://www.rics.org/Global/Capital_and_rental_valuation_of_hotels_UK_2nd_edition_PGguidance_2012.pdf
_zView the item free of charge (member-only access) at www.rics.org...
942 _n0
999 _c114440
_d114440